| 000 | 00000nam 2200000za 4500 |
| 001 | 9.700501 |
| 003 | CaOODSP |
| 005 | 20230818132007 |
| 007 | cr ||||||||||| |
| 008 | 150407|2011||||xxc|||||o f|0| 0 eng d |
| 040 | |aCaOODSP|beng |
| 043 | |an-cn--- |
| 086 | 1 |aPS4-82/2011E-PDF |
| 110 | 1 |aCanada. |bPublic Safety Canada. |
| 245 | 10|aFederal Emergency Response Plan |h[electronic resource] |
| 260 | |aOttawa - Ontario : |bPublic Safety Canada |cJanuary 2011. |
| 300 | |a62p.|bglossary, organization charts, tables |
| 500 | |a"This plan has been developed by the Government of Canada in consultation with appropriate partners/stakeholders. In accordance with the Policy on Government Security, this plan cannot be distributed without the explicit permission of Public Safety Canada. This document is unclassified"--Cover. |
| 590 | |a15-05-Supp|b2015-03-31 |
| 690 | 07|aEmergency preparedness|2gcpds |
| 775 | 08|tPlan fédéral d'intervention d'urgence |w(CaOODSP)9.644385 |
| 795 | |tFederal Emergency Response Plan |w(CaOODSP)9.693079 |
| 856 | 40|ahttp://publications.gc.ca|qPDF|s740 KB|uhttps://publications.gc.ca/collections/collection_2015/sp-ps/PS4-82-2011-eng.pdf |